000 00657nam a22002177a 4500
003 0
005 20240923143206.0
008 240923b xxu||||| |||| 00| 0 eng d
020 _a978-1-032-06316-4
050 _aTK 515
_b.M57 2022
100 _aMisra, Yogesh
245 _aProgramming and interfacing with Arduino
_cYogesh Misra
250 _aFirst edition
260 _aOxon
_bCRC Press
_c2022
300 _axvii, 260 pages :
_billustrations ;
_c24cm.
504 _aIncludes bibliographical references and index.
650 _aProgramming.
650 _aArduino (programmable controller)
650 _aArduino Programming.
942 _2lcc
_cBK
999 _c366350
_d366350